000 00196nam a2200085Ia 4500
008 120527s9999 xx 000 0 und d
100 _aZanden, Vander. J.
245 _aHuman Development
942 _cBK
999 _c27391
_d27391